LEADER 01064nam a2200265 i 4500 001 000000223117 003 CaOOAMICUS 005 20131004000000.0 008 131004s2000 it u000 u ger u 013 $a202014 020 $a3-7917-1718-9 040 $aSeMil$bita 100 1 $aFonk, Peter <1955- >.$0(OLS)http://semarc/name/37720 245 10$aChristlich handeln im ethischen Konflikt :$bBrennpunkte heutiger Diskussionen /$cPeter Fonk. 260 $aRegensburg :$bPustet,$c2000. 300 $a207 p. ;$c21 cm. 500 $aFondo card. C. M. Martini. 650 4$aBioetica.$0(OLS)http://semarc/subject/2998 850 $aSeMil 852 $aSeMil$W1$xVenegono$y1$m2E II 38$j173463$B173463$CSeMilBibl$Z2$F186326 $81 941 1 $a4 961 $aLascito: Martini Card. Carlo Maria 996 $6020$a3-7917-1718-9$9(OLS)http://semarc/number/222924 996 $6245$aChristlich handeln im ethischen Konflikt :$bBrennpunkte heutiger Diskussionen$9(OLS)http://semarc/title/319989 996 $6260$aRegensburg :$bPustet$9(OLS)http://semarc/publisher/31833 LEADER 00971nam a2200241 i 4500 001 000000232619 003 CaOOAMICUS 005 20140902000000.0 008 140902s1953 it u000 u ita u 013 $a211522 040 $aSeMil$bita 100 1 $aKetter, Peter.$0(OLS)http://semarc/name/24702 240 10$aChristus und die frauen.$0(OLS)http://semarc/title/331897 245 10$aCristo e la donna /$cPeter Ketter. 260 $aTorino :$bMarietti,$cstampa 1953. 300 $a441 p. ;$c22 cm. 500 $aContiene : Indice dei passi biblici. 650 4$aDonna - Concezione cristiana.$0(OLS)http://semarc/subject/3207 650 4$aGesł Cristo - Atteggiamento verso le donne.$0(OLS)http://semarc/subject/41520 850 $aSeMil 852 $aSeMil$W1$xVenegono$y1$m2Z II 162$j182965$B182965$CSeMilBibl$Z2$F193979 $81 996 $6245$aCristo e la donna$9(OLS)http://semarc/title/331896 996 $6260$aTorino :$bMarietti$9(OLS)http://semarc/publisher/29916